Mannequin girl : a novel / Ellen Litman.
Available copies
- 1 of 1 copy available at LARL/NWRL Consortium.
Current holds
0 current holds with 1 total copy.
Show Only Available Copies
| Location | Call Number / Copy Notes | Barcode | Shelving Location | Status | Due Date |
|---|---|---|---|---|---|
| Thief River Falls Public Library | LIT (Text) | 35500005371537 | Main | Available | - |
Record details
- ISBN: 9780393069280 (hardcover)
- ISBN: 0393069281 (hardcover)
- Physical Description: 352 pages ; 22 cm.
- Edition: First edition.
- Publisher: New York : W.W. Norton & Company, 2014
Search for related items by subject
| Subject: | Young women > Russia (Federation) > Moscow > Fiction. Jews, Russian > Russia (Federation) > Moscow > Fiction. Parent and child > Russia (Federation) > Moscow > Fiction. Scoliosis in children > Fiction. Success > Fiction. |
| Genre: | Psychological fiction. |
| LDR | 01292cam a2200373 i 4500 | ||
|---|---|---|---|
| 001 | 164034 | ||
| 003 | LARL_NWRL_CONSORTIUM | ||
| 005 | 20140312130044.0 | ||
| 008 | 131112s2014 nyu 000 1 eng | ||
| 010 | . | ‡a2013041207 | |
| 019 | . | ‡a846889423 | |
| 020 | . | ‡a9780393069280 (hardcover) | |
| 020 | . | ‡a0393069281 (hardcover) | |
| 035 | . | ‡a(OCoLC)862962170 | |
| 040 | . | ‡aDLC ‡erda ‡beng ‡cDLC ‡dIG# ‡dYDXCP ‡dBDX ‡dBTCTA ‡dUKMGB | |
| 043 | . | ‡ae-ru--- | |
| 049 | . | ‡aNRG | |
| 082 | 0 | 0. | ‡a813/.6 ‡223 |
| 100 | 1 | . | ‡aLitman, Ellen. |
| 245 | 1 | 0. | ‡aMannequin girl : ‡ba novel / ‡cEllen Litman. |
| 250 | . | ‡aFirst edition. | |
| 260 | . | ‡aNew York : ‡bW.W. Norton & Company, ‡c2014 | |
| 300 | . | ‡a352 pages ; ‡c22 cm. | |
| 336 | . | ‡atext ‡2rdacontent. | |
| 337 | . | ‡aunmediated ‡2rdamedia. | |
| 338 | . | ‡avolume ‡2rdacarrier. | |
| 650 | 0. | ‡aYoung women ‡zRussia (Federation) ‡zMoscow ‡vFiction. | |
| 650 | 0. | ‡aJews, Russian ‡zRussia (Federation) ‡zMoscow ‡vFiction. | |
| 650 | 0. | ‡aParent and child ‡zRussia (Federation) ‡zMoscow ‡vFiction. | |
| 650 | 0. | ‡aScoliosis in children ‡vFiction. | |
| 650 | 0. | ‡aSuccess ‡vFiction. ‡0(LARL_NWRL_CONSORTIUM)175332 | |
| 655 | 0. | ‡aPsychological fiction. | |
| 901 | . | ‡a164034 ‡bISxN ‡c164034 ‡tbiblio | |

Add to basket
Permalink
Disable Highlighting